000 00492nam a2200181Ia 4500
008 090124s9999 xx 000 0 und d
082 _b121249
100 _aडंखे विनायक
245 _a सिध्दार्थ
250 _a1
260 _c1985
300 _a220
600 _aडंखे विनायक
630 _a सिध्दार्थ
700 _aडंखे विनायक
730 _a सिध्दार्थ
942 _cBOOK
999 _c167335
_d167335